000
00182 a2200097 4500
041
_a
spa
100
_a
Anonimo
245
_a
Manual practico del Bricolaje
942
_c
BK
952
_7
1
999
_c
24113
_d
24113